Letter Writing made Simple over 200 (Record no. 533418)
[ view plain ]
| 000 -LEADER | |
|---|---|
| fixed length control field | 00244nam a22001097a 4500 |
| 040 ## - CATALOGING SOURCE | |
| Transcribing agency | dlc |
| 082 ## - DEWEY DECIMAL CLASSIFICATION NUMBER | |
| Classification number | 208.06665 |
| 100 ## - MAIN ENTRY--PERSONAL NAME | |
| Personal name | Margaret Mccarthy |
| 9 (RLIN) | 27290 |
| 245 ## - TITLE STATEMENT | |
| Title | Letter Writing made Simple over 200 |
| 300 ## - PHYSICAL DESCRIPTION | |
| Extent | 197;pxv |
| 942 ## - ADDED ENTRY ELEMENTS (KOHA) | |
| Source of classification or shelving scheme | |
| Koha item type | Book |
| Withdrawn status | Lost status | Source of classification or shelving scheme | Damaged status | Not for loan | Permanent Location | Current Location | Date acquired | Total Checkouts | Full call number | Barcode | Date last seen | Price effective from | Koha item type |
|---|---|---|---|---|---|---|---|---|---|---|---|---|---|
| School of Civil and Environmental Engineering (SCEE) | School of Civil and Environmental Engineering (SCEE) | 01/01/2020 | 208.06665 | NIT-8995 | 01/01/2020 | 01/01/2020 | Book |
